PAJ: A Journal of Performance and Art

محفوظ في:

التنسيق: دورية

اللغة: Undetermined

منشور في: JSTOR
The MIT Press

الموضوعات:

الوصول للمادة أونلاين: Login to view Source

الوسوم: إضافة وسم

لا توجد وسوم, كن أول من يضع وسما على هذه التسجيلة!

رقم الطلب:

LEADER 00588nas a2200205Ia 4500
008 220214c99999999xx |||||||||||| ||und||
022 |a 1520-281X 
022 |a 1537-9477 
245 0 0 |a PAJ: A Journal of Performance and Art 
264 1 |b JSTOR 
264 1 |b The MIT Press 
362 0 |a Vol. 20(1998)-37 (2015) 
653 1 0 |a Arts 
653 1 0 |a Film Studies 
653 1 0 |a Humanities 
653 1 0 |a Performing Arts 
856 4 0 |u https://www.jstor.org/journal/pajjperfart 
942 |c JL 
952 |0 0  |1 0  |4 0  |7 1  |9 36552  |a JSR  |b JSR  |d 2022-02-14  |l 0  |r 2022-02-14 00:00:00  |w 2022-02-14  |y JL 
999 |c 44884  |d 44884